000 00657nam a2200241Ia 4500
003 OSt
005 20220923224751.0
006 a|||||r|||| 00| 0
007 ta
008 220922b |||||||| |||| 00| 0 hin d
024 _a249,810
037 _cTextual
040 _aARTS
_cARTS
_bhin
041 _2hin
_ahin
082 _aO15,3D60,1, 152M2
245 0 _aकादम्बरी कथा मुखम्
246 _aKādambarī kathā mukham
260 _c1982
300 _a368पृ.
_ccm.
650 _aसंस्कृत साहित्य
942 _hO15,3D60,1, 152M2
_cTEXL
_2CC
999 _c373520
_d373520